Ergebnisse der limnologie

Сохранить в:
Библиографические подробности
Главные авторы: Elster, H. J (Автор), Ohle, W (Автор)
Формат:
Язык:английский
Опубликовано: Stuttgart E. Schweizerbart'sche 1978
Серии:Archiv fur Hydrobiologie, 10
Предметы:
Метки: Добавить метку
Нет меток, Требуется 1-ая метка записи!

MARC

LEADER 00000nam a2200000 a 4500
001 UCU5742
003 CL-VaPUC
008 960614e19780000GW |||||||||||||||||eng|d
082 0 4 |a 572.46  |b ELS  |2 21 
100 0 |a Elster, H. J  |e author  |9 363718 
700 0 |a Ohle, W  |e author  |9 363719 
245 1 0 |a Ergebnisse der limnologie 
300 |a 171 p 
942 |c BK 
945 |d 19960614 00:00:00  |a rbrito 
260 |a Stuttgart  |b E. Schweizerbart'sche  |c 1978 
650 0 |a Fotosíntesis  |9 261610 
650 0 |a Ecología   |9 258124 
650 7 |a ECOLOGIA FISIOLOGICA  |2 CL-VaPUC  |9 363720 
650 7 |a FITOPLACTON  |2 CL-VaPUC  |9 358304 
650 7 |a LUMINOSIDAD  |2 CL-VaPUC  |9 358320 
650 0 |a Metabolismo  |9 259893 
650 0 |a Respiración   |9 343794 
650 7 |a TEMPERATURA  |2 CL-VaPUC  |9 363721 
583 |a last modification  |c 19960614 00:00:00  |k Rodrigo Vera 
490 0 |a Archiv fur Hydrobiologie, 10 
999 |c 248939  |d 248937 
952 |0 0  |1 0  |4 0  |6 572_460000000000000_ELS_1978  |7 0  |8 A  |9 265894  |a BIBCUR  |b BIBCUR  |d 2019-11-19  |i 3195643  |o 572.46 ELS 1978  |p 3195643  |r 2025-04-22  |w 2019-11-19  |y BK  |k BCB